000 00458cam a2200157 4500
001 D11452
008 090401t xxu||||| |||| 00| 0 eng d
035 _a(Sirsi) u98110
041 _aeng
100 _aSaunders-Watson, M.
245 _aCapital taxation II: maintenance funds: the 1930 Finance Act
350 _a0
520 _aIn RICS et al. Joint heritage taxation seminar (held at) RICS, 3rd November 1980. 1980/105A
942 _n0
948 _c04/03/1997
999 _c99090
_d99090